000
00327nam a22001457a 4500
008
221018b ||||| |||| 00| 0 eng d
020
_a
9789951711470
041
_a
eng
080
_2
LIBRI I DYT
_a
37
082
_a
37 BESH
100
_a
22.2
101
_a
SPORT
245
_a
ATLETIKA NE KOSOVE
_c
BESHIRI R
942
_2
udc
_c
BK
999
_c
58600
_d
58600